| 000 | 00932nam a22002537a 4500 | ||
|---|---|---|---|
| 001 | 59903 | ||
| 003 | BD-RjUL | ||
| 005 | 20211209080759.0 | ||
| 008 | 161227s1987 bg ||||| |||| 001 0 ben d | ||
| 020 | _c : TK 75.00 | ||
| 035 | _a(BD-RjUL)60027 | ||
| 040 |
_aBD-RjUL _bben _cBD-RjUL |
||
| 041 | _aben | ||
| 082 |
_223 _a346.075492 _bALB 1987 |
||
| 100 | 1 |
_aআলী, এম. এইচ. _9136762 |
|
| 245 | 1 | 0 |
_aবাণিজ্যিক ও শিল্প আইন = [Commercial and Industial Law] / _cএম. এইচ. আলী |
| 250 | _a১০ম সং. | ||
| 260 |
_aঢাকা : _bপুথিঘর, _c১৯৮৭ |
||
| 300 |
_a[১৬], বিভিন্ন পৃ. ; _c২০ সেমি. |
||
| 505 | _aসংযুক্ত পরিশিষ্ট | ||
| 650 |
_aবাণিজ্যিক আইন _zবাংলাদেশ _9143814 |
||
| 650 |
_aCommercial law _zBangladesh _9143815 |
||
| 942 |
_2ddc _cBK |
||
| 999 |
_c59903 _d59903 |
||